000 01164nam a2200205Ia 4500
003 Ost
005 20260507075618.0
008 260507s9999||||xx |||||||||||||| ||und||
040 _cfsecg
041 _aara
082 _a513.93
100 _aعبد ربه، ابراهيم علي
_eمؤلف
245 0 _aمبادئ الرياضة المالية :
_b(بين النظرية والتطبيق) /
_c ابراهيم علي عبد ربه
260 _aالإسكندرية:
_bدار التعليم الجامعي;جامعة الإسكندرية: كلية التجارة، قسم الإحصاء والرياضة والتأمين,
_c[د.ت]
300 _a258 صفحة؛
_bإيضاحات ؛
_c24 سم
520 _aتناول هذا الكتاب مبادئ الرياضة المالية ، حيث تحدث من خلال فصول دراسته عن نظرية الفائدة البسيطة والفائدة المركبة بالاضافة الى تسوية واستبدال الديون واستهلاك القروض .
653 _aالرياضة المالية
700 _aالخواجة، مصطفى عبد المنعم
_eمؤلف ثانوي
942 _cكتاب
999 _c45124
_d45124